LEADER 01053cam0 2200241 450 001 E600200030603 005 20240911074803.0 100 $a20071019d1969 |||||ita|0103 ba 101 $aita 102 $aIT 200 1 $a<>'imposta di successione$eguida pratica alla legge tributaria sulle successioni 30 dicembre 1923, n.3270 e successive modificazioni$eaggiornata a tutto il 30 giugno 1969 e coordinata con le principali risoluzioni, circolari e normali ministeriali e con la pił recente e consolidata giurisprudenza della Suprema Corte di Cassazione$fCalogero Vinci 210 $aRoma$cBizzarri$d1969 215 $a183 p.$d24 cm 700 1$aVinci$b, Calogero$3A600200035576$4070$0107166 801 0$aIT$bUNISOB$c20240911$gRICA 850 $aUNISOB 852 $aUNISOB$j340$m122613 912 $aE600200030603 940 $aM 102 Monografia moderna SBN 941 $aM 957 $a340$b006045$gSi$d122613$rdono$1pomicino$2UNISOB$3UNISOB$420071019074636.0$520240911074803.0$6rovito 996 $aImposta di successione$91688065 997 $aUNISOB